000 00646nam a22001697a 4500
003 OSt
005 20171010095518.0
008 120816t xxu||||| |||| 00| 0 eng d
040 _aMMSU
_cULS
100 _aNeolaka, Victoria A.
_912183
245 _aFactors influencing academic performance of Bachelor of Science in Agriculture graduates of selected state universities in Luzon
_cVictoria A. Neolaka
260 _c2001
300 _axv, 185 leaves
_c28 cm.
500 _aThesis (MS Educational Management) -- Central Luzon State University-Graduate School, Muñoz, Nueva Ecija
504 _aBibliography: leaves 136-146
942 _2ddc
_cTHEDIS
999 _c9752
_d9752